ბათუმის შოთა რუსთაველის სახელმწიფო უნივერსიტეტის ბიბლიოთეკა

ჩანაწერი Corporate Name

ჩანაწერთა რაოდენობა, რომელიც გამოყენებულია: 2

001 - CONTROL NUMBER

  • control field: 9940

003 - CONTROL NUMBER IDENTIFIER

  • control field: GE_BSU

005 - DATE AND TIME OF LATEST TRANSACTION

  • control field: 20201222120440.0

008 - FIXED-LENGTH DATA ELEMENTS

  • fixed length control field: 201222|| aca||aabn | a|a d

040 ## - CATALOGING SOURCE

  • Original cataloging agency: GE_BSU
  • Transcribing agency: GE_BSU

110 ## - HEADING--CORPORATE NAME

  • Corporate name or jurisdiction name as entry element: ბსუ
  • Relator term: საბუნებისმეტყველო მეცნიერებათა და ჯანდაცვის ფაკ-ტი

670 ## - SOURCE DATA FOUND

  • Source citation: Work cat.: (GE_BSU): ცინცაძე, ირინე 9937, "ძნელად განსასაზღვრი სისხლის ჯგუფების იმუნოგენეტიკური მახასიათებლები"